<?xml version="1.0" encoding="UTF-8"?>
<record
    xmlns:xsi="http://www.w3.org/2001/XMLSchema-instance"
    xsi:schemaLocation="http://www.loc.gov/MARC21/slim http://www.loc.gov/standards/marcxml/schema/MARC21slim.xsd"
    xmlns="http://www.loc.gov/MARC21/slim">

  <leader>02974nam a2200337 i 4500</leader>
  <controlfield tag="003">DO-SdBNP</controlfield>
  <controlfield tag="005">20250429094042.0</controlfield>
  <controlfield tag="007">ta</controlfield>
  <controlfield tag="008">250429b2024    dr ab||| |||| 00| 0 spa d</controlfield>
  <datafield tag="020" ind1=" " ind2=" ">
    <subfield code="a">9789945510720</subfield>
  </datafield>
  <datafield tag="040" ind1=" " ind2=" ">
    <subfield code="a">DO-SdBNP</subfield>
    <subfield code="b">spa</subfield>
    <subfield code="c">BNPHU </subfield>
    <subfield code="e">rda</subfield>
  </datafield>
  <datafield tag="041" ind1=" " ind2=" ">
    <subfield code="a">spa</subfield>
  </datafield>
  <datafield tag="082" ind1=" " ind2="4">
    <subfield code="a">0</subfield>
    <subfield code="b">S211n</subfield>
    <subfield code="2">22</subfield>
  </datafield>
  <datafield tag="100" ind1=" " ind2=" ">
    <subfield code="a">S&#xE1;nchez Paulino, Jon&#xE1;s</subfield>
    <subfield code="e">autor</subfield>
    <subfield code="4">aut.</subfield>
    <subfield code="9">74654</subfield>
  </datafield>
  <datafield tag="245" ind1="1" ind2="0">
    <subfield code="a">Necropolitanos :</subfield>
    <subfield code="b">la rabia de los demonios / </subfield>
    <subfield code="c">Jon&#xE1;s S&#xE1;nchez Paulino ; ilustrado por Markus Edjical ; correcci&#xF3;n Mar&#xED;a del Carmen Vicente, Modesto Cuesta y Apolinar Liz Rodr&#xED;guez.</subfield>
  </datafield>
  <datafield tag="250" ind1=" " ind2=" ">
    <subfield code="a">Primera edici&#xF3;n</subfield>
  </datafield>
  <datafield tag="264" ind1=" " ind2="4">
    <subfield code="a">Santo Domingo, Rep&#xFA;blica Dominicana :</subfield>
    <subfield code="b">Editora Nacional, </subfield>
    <subfield code="c">&#xA9;2024.</subfield>
  </datafield>
  <datafield tag="300" ind1=" " ind2=" ">
    <subfield code="a">264 p&#xE1;ginas :</subfield>
    <subfield code="b">ilustraciones, mapas ;</subfield>
    <subfield code="c">23 cm</subfield>
  </datafield>
  <datafield tag="336" ind1=" " ind2=" ">
    <subfield code="a">texto </subfield>
    <subfield code="b">txt</subfield>
    <subfield code="2">rdacontent</subfield>
  </datafield>
  <datafield tag="337" ind1=" " ind2=" ">
    <subfield code="a">sin mediaci&#xF3;n </subfield>
    <subfield code="b">n</subfield>
    <subfield code="2">rdamedia </subfield>
  </datafield>
  <datafield tag="338" ind1=" " ind2=" ">
    <subfield code="a">volumen  </subfield>
    <subfield code="b">nc</subfield>
    <subfield code="2">rdacarrier </subfield>
  </datafield>
  <datafield tag="500" ind1=" " ind2=" ">
    <subfield code="a">Incluye datos del autor en la solapa de la cubierta</subfield>
  </datafield>
  <datafield tag="505" ind1=" " ind2=" ">
    <subfield code="a">Cap&#xED;tulo I. 2533 d. C., 17 --</subfield>
    <subfield code="t">Cap&#xED;tulo II. Zona de prueba, 18 --</subfield>
    <subfield code="t">Cap&#xED;tulo III. Almas de arena, 26 -- </subfield>
    <subfield code="t">Cap&#xED;tulo IV. Hoy se acaban los atardeceres, 31 --</subfield>
    <subfield code="t">Cap&#xED;tulo V. Infierno en el puente Duarte, 39 -- </subfield>
    <subfield code="t">Cap&#xED;tulo VI. Las tinieblas de la luz, 46 --</subfield>
    <subfield code="t">Cap&#xED;tulo VII. Electrocardiozombi, 55 -- </subfield>
    <subfield code="t">Cap&#xED;tulo VIII. Entre can&#xED;bales, 65 --</subfield>
    <subfield code="t">Cap&#xED;tulo IX. El providencialista, 71 -- </subfield>
    <subfield code="t">Cap&#xED;tulo X. Ruinas de Metal, 78 --</subfield>
    <subfield code="t">Cap&#xED;tulo XI. El fest&#xED;n no es para llevar, 85 --</subfield>
    <subfield code="t"> Cap&#xED;tulo XII. El misericordioso, 91 -- </subfield>
    <subfield code="t">Cap&#xED;tulo XIII. Bunker de mando, 97 --</subfield>
    <subfield code="t">Cap&#xED;tulo XlV. CONAHU, 101 ---</subfield>
    <subfield code="t">Cap&#xED;tulo XV. Filibusteros y bucaneros, 107 -- </subfield>
    <subfield code="t">Cap&#xED;tulo XVI. La chispa de la superstici&#xF3;n, 113 --</subfield>
    <subfield code="t">Cap&#xED;tulo XVII. Desoxigenado, 117 -- </subfield>
    <subfield code="t">Cap&#xED;tulo XVIII. Expedici&#xF3;n Drag&#xF3;n, 125 --</subfield>
    <subfield code="t">Cap&#xED;tulo XIX. Mambo mortal, 133 --</subfield>
    <subfield code="t">Cap&#xED;tulo XX. Espectrograma, 140 -- </subfield>
    <subfield code="t">Cap&#xED;tulo XXI. Filibuspunk, 145 -- </subfield>
    <subfield code="t">Cap&#xED;tulo XXII. Metamorpunk, 150 --</subfield>
    <subfield code="t">Cap&#xED;tulo XXIII. Carnicero, 161 -- </subfield>
    <subfield code="t">Cap&#xED;tulo XXIV. Espectros de la memoria, 168 -- </subfield>
    <subfield code="t">Cap&#xED;tulo XXV. La tierra prometida, 171 --</subfield>
    <subfield code="t">Cap&#xED;tulo XXVII. Necrokalonji, 191 --</subfield>
    <subfield code="t">Cap&#xED;tulo XXVIII. Licuado de sesos, 197 -- </subfield>
    <subfield code="t">Cap&#xED;tulo XXIX. El resucitado, 205 --</subfield>
    <subfield code="t">Cap&#xED;tulo XXX. &#xAB;Ou tonbe, Santo Doming, mwen leve, Ayiti&#xBB;, 217 -- </subfield>
    <subfield code="t">Cap&#xED;tulo XXXI. Glu, glu, glu, glu en un fraseo, 223 --</subfield>
    <subfield code="t">Cap&#xED;tulo XXXII. El dios de la guerra, el hierro y la necrociencia, 231 --</subfield>
    <subfield code="t">Cap&#xED;tulo XXXIII. En marcha, 235 --</subfield>
    <subfield code="t">Cap&#xED;tulo XXXIV. El frio es mi aliado, 241 --</subfield>
    <subfield code="t">Cap&#xED;tulo XXXV. Avalancha de voces espectrales, 245 -- </subfield>
    <subfield code="t">Cap&#xED;tulo XXXVI. Bah&#xED;a de Mpungo o bah&#xED;a del Diablo, 253 -- </subfield>
    <subfield code="t">Cap&#xED;tulo XXXVII. La mirada en blanco, 257 -- </subfield>
    <subfield code="t">Cap&#xED;tulo XXXVIII. Continuaci&#xF3;n, 261 -- </subfield>
    <subfield code="t">Glosario, 263.</subfield>
  </datafield>
  <datafield tag="590" ind1=" " ind2=" ">
    <subfield code="a">Inventariado, 2025 /LP</subfield>
  </datafield>
  <datafield tag="700" ind1="1" ind2=" ">
    <subfield code="a">Edjical, Markus</subfield>
    <subfield code="e">ilustrador</subfield>
    <subfield code="4">il.</subfield>
    <subfield code="9">87561</subfield>
  </datafield>
  <datafield tag="700" ind1="1" ind2=" ">
    <subfield code="a">Vicente, Mar&#xED;a del Carmen,</subfield>
    <subfield code="e">corrector</subfield>
    <subfield code="4">corr.</subfield>
    <subfield code="9">57201</subfield>
  </datafield>
  <datafield tag="700" ind1="1" ind2=" ">
    <subfield code="a">Cuesta, Modesto,</subfield>
    <subfield code="e">corrector</subfield>
    <subfield code="4">corr.</subfield>
    <subfield code="9">3209</subfield>
  </datafield>
  <datafield tag="700" ind1="1" ind2=" ">
    <subfield code="a">Rodr&#xED;guez, Apolinar Liz,</subfield>
    <subfield code="e">corrector</subfield>
    <subfield code="4">corr.</subfield>
    <subfield code="9">87319</subfield>
  </datafield>
  <datafield tag="910" ind1=" " ind2=" ">
    <subfield code="a">LP</subfield>
  </datafield>
  <datafield tag="942" ind1=" " ind2=" ">
    <subfield code="2">ddc</subfield>
    <subfield code="c">LBS1</subfield>
  </datafield>
  <datafield tag="952" ind1=" " ind2=" ">
    <subfield code="0">0</subfield>
    <subfield code="1">0</subfield>
    <subfield code="2">ddc</subfield>
    <subfield code="5">1</subfield>
    <subfield code="7">0</subfield>
    <subfield code="8">PD</subfield>
    <subfield code="a">BNPHU</subfield>
    <subfield code="b">BNPHU</subfield>
    <subfield code="c">CT</subfield>
    <subfield code="d">2024-11-15</subfield>
    <subfield code="e">Dep&#xF3;sito Legal</subfield>
    <subfield code="l">0</subfield>
    <subfield code="o">0 S211n</subfield>
    <subfield code="p">2025-1393</subfield>
    <subfield code="r">2025-03-04</subfield>
    <subfield code="w">2025-03-04</subfield>
    <subfield code="y">LBS1</subfield>
  </datafield>
  <datafield tag="952" ind1=" " ind2=" ">
    <subfield code="0">0</subfield>
    <subfield code="1">0</subfield>
    <subfield code="2">ddc</subfield>
    <subfield code="5">1</subfield>
    <subfield code="7">0</subfield>
    <subfield code="8">PD</subfield>
    <subfield code="a">BNPHU</subfield>
    <subfield code="b">BNPHU</subfield>
    <subfield code="c">CT</subfield>
    <subfield code="d">2024-11-15</subfield>
    <subfield code="e">Dep&#xF3;sito Legal</subfield>
    <subfield code="l">0</subfield>
    <subfield code="o">0 S211n</subfield>
    <subfield code="p">2025-1394</subfield>
    <subfield code="r">2025-03-04</subfield>
    <subfield code="t">e.2</subfield>
    <subfield code="w">2025-03-04</subfield>
    <subfield code="y">LBS1</subfield>
  </datafield>
  <datafield tag="952" ind1=" " ind2=" ">
    <subfield code="0">0</subfield>
    <subfield code="1">0</subfield>
    <subfield code="2">ddc</subfield>
    <subfield code="5">6</subfield>
    <subfield code="7">0</subfield>
    <subfield code="8">DS</subfield>
    <subfield code="a">BNPHU</subfield>
    <subfield code="b">BNPHU</subfield>
    <subfield code="c">CT</subfield>
    <subfield code="d">2024-11-15</subfield>
    <subfield code="e">Dep&#xF3;sito Legal</subfield>
    <subfield code="l">0</subfield>
    <subfield code="o">0 S211n</subfield>
    <subfield code="p">2025-1395</subfield>
    <subfield code="r">2025-03-04</subfield>
    <subfield code="t">e.3</subfield>
    <subfield code="w">2025-03-04</subfield>
    <subfield code="y">LBS1</subfield>
  </datafield>
  <datafield tag="999" ind1=" " ind2=" ">
    <subfield code="c">58287</subfield>
    <subfield code="d">58287</subfield>
  </datafield>
</record>
